Zgadnij rapera - Polski rap - Statystyki

Ogólne statystyki
  • Ten quiz został rozwiązany 299 razy
  • Średni wynik to 7 z 11
Statystyki odpowiedzi
Hint Odpowiedź % Poprawnych
Obecnie kojarzony głównie z streamów na Twitchu, w rapie kojarzony z płyt takich jak "Nowa Fala" lub "TOXIC" Young Multi
86%
Kiedyś członek Chillwagonu, teraz współpracuje z Ekipą Qry
85%
Weteran polskiej sceny znany z takich hitów jak "Minoatur" "Bossman" W tym roku wydał płyte która jest zatytułowana jego imieniem Reto
82%
Jego najpopularniejszy kawałek ma ponad 123 miliony odsłuchań na spotify, były członek SBM Label White 2115
78%
Najpopularniejszy reprezentant Łódzkiej grupy White Widow, Walczył również na High League 4 Macias
76%
Urodzony w 1995 roku kojarzony również z występami w bitwach freestylowych, były reprezentant Que Quality Filipek
64%
W 2019 roku jego popularność wzrosła strasznie szybko przez co nawet przed wydaniem pierwszej płyty wdarł się do mainstreamu Mata
61%
Były reprezentant GM2L, obecnie współtworzy wytwórnie ze swoim bratem kiedyś funkcjonowałm pod pseudonimem "Guber" Josef Bratan
51%
Kiedyś członek wytwórni Żabsona Internaziomale, teraz rapuje we własnej wytwórni we której wydał już 2 albumy Waima
50%
Weteran polskiej sceny urodzony w 1983 Znany z fenomenalnego flow, kontrowersyjnych tekstów i łysej glacy. Pochodzi z Poznania Słoń
46%
Kiedyś uliczny raper, teraz rapuje pod discopolowe beaty w wytwórni Bajorsona "Siemano Soprano" Otrzymał juz złotą płyte za singiel "Ta Dziewczyna" Dawid Obserwator
31%
Nie znaleziono quizów pasujących do podanych kryteriów
Rozkład punktacji
Procent ludzi z każdym wynikiem
Percentyl według liczby udzielonych odpowiedzi
Twoja historia wyników
Nie rozwiązałeś tego quizu